000 00651nam a2200217 4500
010 _a372530
035 _a372530
037 _bCen Lib / Ret
040 _aDPL
_bEn
082 _a551.5
_bGRE
245 _aObserver's handbook /
250 _a2nd ed
260 _aLondon
_bHer Majesty's Stationary Office
_c1956
270 _aHer Majesty's Stationary Office
_bLondon
300 _a222p ;
_c24cm(Hb)
490 _aAir ministry meterological office M.O.
_v554
650 _aMeteorology -- Observers' manuals.
650 _aGreat Britain. -- Meteorological Office.
650 _aMeteorology.
942 _2ddc
_cEN
_h551.5
_mGRE
999 _c137177
_d137177